Moon, Mars and Venus : (Record no. 522666)

000 -LEADER
fixed length control field 00996nam a2200301 i 4500
001 - CONTROL NUMBER
control field 4161499
003 - CONTROL NUMBER IDENTIFIER
control field NUST
005 - DATE AND TIME OF LATEST TRANSACTION
control field 20181222072945.0
008 - FIXED-LENGTH DATA ELEMENTS--GENERAL INFORMATION
fixed length control field 781201s1976 enkab 001 0 eng
010 ## - LIBRARY OF CONGRESS CONTROL NUMBER
LC control number 78318443
020 ## - INTERNATIONAL STANDARD BOOK NUMBER
International Standard Book Number 0600362191 :
Terms of availability £1.50
038 ## - RECORD CONTENT LICENSOR
Staff Name waseem
040 ## - CATALOGING SOURCE
Original cataloging agency DLC
Transcribing agency DLC
Modifying agency DLC
041 1# - LANGUAGE CODE
Language code of text/sound track or separate title engcze
050 00 - LIBRARY OF CONGRESS CALL NUMBER
Classification number QB591
Item number .R8313
082 00 - DEWEY DECIMAL CLASSIFICATION NUMBER
Classification number 523.3
Author Mark RUK
100 1# - MAIN ENTRY--PERSONAL NAME
Personal name Rükl, Antonín.
9 (RLIN) 12779
245 10 - TITLE STATEMENT
Title Moon, Mars and Venus :
Remainder of title a concise guide in colour /
Statement of responsibility, etc. [by] Antonín Rükl ; [translated from the Czech by Daniela Coxon].
260 ## - PUBLICATION, DISTRIBUTION, ETC.
Place of publication, distribution, etc. London ;
-- New York :
Name of publisher, distributor, etc. Hamlyn,
Date of publication, distribution, etc. 1976.
300 ## - PHYSICAL DESCRIPTION
Extent 255 p. :
Other physical details ill., maps (chiefly col.) ;
Dimensions 18 cm.
500 ## - GENERAL NOTE
General note Maps (1 col.) on lining papers.
500 ## - GENERAL NOTE
General note Includes indexes.
651 #0 - SUBJECT ADDED ENTRY--GEOGRAPHIC NAME
Geographic name Moon
General subdivision Observers' manuals.
9 (RLIN) 12780
651 #0 - SUBJECT ADDED ENTRY--GEOGRAPHIC NAME
Geographic name Mars (Planet)
General subdivision Observers' manuals.
9 (RLIN) 12781
651 #0 - SUBJECT ADDED ENTRY--GEOGRAPHIC NAME
Geographic name Venus (Planet)
General subdivision Observers' manuals.
9 (RLIN) 12782
906 ## - LOCAL DATA ELEMENT F, LDF (RLIN)
a 7
b cbc
c orignew
d 4
e ncip
f 19
g y-gencatlg
942 ## - ADDED ENTRY ELEMENTS (KOHA)
Source of classification or shelving scheme
Koha item type Book
Holdings
Withdrawn status Lost status Source of classification or shelving scheme Damaged status Not for loan Collection code Permanent Location Current Location Shelving location Date acquired Source of acquisition Total Checkouts Total Renewals Full call number Barcode Date last seen Date last checked out Price effective from Koha item type
            Central Library (CL) Central Library (CL) Book Cart 12/22/2018 Donation 2 1 523.3 RUK CL-D-210 09/23/2023 06/09/2023 12/22/2018 Book
© 2023 Central Library, National University of Sciences and Technology. All Rights Reserved.